|
书名:
|
政治常识问答二
|
|
|
作者:
|
《社会发展简史》教科书编审组 北京四中政治教研组编
|
|
出版信息:
|
北京
北京师范大学出版社
1983.12
|
|
开本页数:
|
19cm 
98
|
|
丛书名:
|
|
|
单 册:
|
|
|
中图分类:
|
D
|
|
科图分类:
|
|
|
主题词:
|
政治
|
|
电子资源:
|
|
|
ISBN:
|
|
|
000
|
00503nam0 2200169 45
|
|
001
|
0198050430
|
|
005
|
20060321091214.29
|
|
010
|
|
@dCNY0.33
|
|
100
|
|
@a19980219d1983 km y0chiy0120 ea
|
|
101
|
0
|
@achi
|
|
200
|
1
|
@Azheng zhi chang shi wen da@F《 she hui fa zhan jian shi 》@a政治常识问答@h二@f《社会发展简史》教科书编审组 北京四中政治教研组编
|
|
210
|
|
@a北京@c北京师范大学出版社@d1983.12
|
|
215
|
|
@a98@c无图表@d19cm
|
|
606
|
0
|
@a政治
|
|
690
|
|
@aD@v3
|
|
801
|
0
|
@c20060321
|
|
905
|
|
@a10447@dD@e1168:2
|
|
|
|
|
| |
| 政治常识问答.二/《社会发展简史》教科书编审组 北京四中政治教研组编.-北京:北京师范大学出版社,1983.12 |
| 98:无图表;19cm |
| |
| |
| ISBN :CNY0.33 |
| |
| ● |
正题名:政治常识问答
索取号:D/1168:2
 
预约/预借
| 序号
|
登录号
|
条形码
|
馆藏地/架位号
|
状态
|
备注
|
|
1
|
119959
|
201199595
|
海科密-1楼/5架6列2层/
[索取号:D/1168:2]
|
在馆
|
|
|
2
|
119960
|
201199602
|
海科密-1楼/5架6列2层/
[索取号:D/1168:2]
|
在馆
|
|
|
3
|
119961
|
201199611
|
海科密-1楼/5架6列2层/
[索取号:D/1168:2]
|
在馆
|
|